| 000 | 00444nam a22001457a 4500 | ||
|---|---|---|---|
| 008 | 150604b xxu||||| |||| 00| 0 eng d | ||
| 020 | _a9780072825770 | ||
| 041 | 0 | _aeng | |
| 080 | _a316 | ||
| 100 | 1 | _aFarganis, James. | |
| 245 | 0 | 0 |
_aReadings in social theory : _cedited with introductions by James Farganis. |
| 250 | _a4th ed. | ||
| 260 |
_aBoston : _bMcGraw-Hill, _cc2004. |
||
| 300 |
_a450 f. ; _c23 cm. |
||
| 999 |
_c989 _d989 |
||